00362 a2200097 4500001001000000005001700010008004100027245011600068100002400184773005600208ART_3800220260410161751.0260409a 10aLa responsabilidad del contador público frente a la ley de procedimientos tributarios en su modalidad culposa1 aSequeira, Marcos A.0 tDoctrina tributariag- Nº 419 (feb. 2015)wREV4296